MARC

LEADER 00000nam0a2200000 4500
001 309416
005 20231102002204.0
035 |a (RuTPU)RU\TPU\book\334738 
090 |a 309416 
100 |a 20151113d1981 m y0rusy50 ca 
101 0 |a rus 
102 |a RU 
105 |a a z 001zy 
200 1 |a Электронные приборы для автомобилей  |f А. Х. Синельников 
210 |a Москва  |c Энергоиздат  |d 1981 
215 |a 152 с.  |c ил. 
320 |a Библиографический указатель: с. 151 
606 1 |a Автомобили  |x Электрооборудование  |2 stltpush  |3 (RuTPU)RU\TPU\subj\1045  |9 29840 
610 1 |a электронные приборы 
610 1 |a системы зажигания 
610 1 |a регуляторы напряжения 
610 1 |a противоугонные устройства 
610 1 |a звуковые сигнализаторы 
610 1 |a индикаторы 
675 |a 629.113.06  |v 4 
700 1 |a Синельников  |b А. Х.  |g Александр Хананович 
801 1 |a RU  |b 63413507  |c 20151113 
801 2 |a RU  |b 63413507  |c 20191029  |g RCR 
942 |c BK